Flood insurance study. City of Mount Pleasant, Texas, Titus County.

Bibliographic Details
Format: Government Document Microform Book
Language:English
Published: [Washington, D.C.] : Federal Emergency Management Agency, [1999]
Edition:Revised March 9, 1999.
Subjects:
Online Access:Available online at HathiTrust:

MARC

Tag First Indicator Second Indicator Subfields
LEADER 00000cam a2200000Ii 4500
001 in00000003450
005 20190422095656.0
007 he bmb024bbca
008 990524s1999 dcuabf bb f000 0 eng d
019 |a 1013214686 
035 |a (OCoLC)ocm41417403 
035 |a (OCoLC)41417403  |z (OCoLC)1013214686 
040 |a GPO  |b eng  |e rda  |c GPO  |d OCLCQ  |d OCLCF  |d OCLCQ  |d OCLCO  |d OCLCQ  |d TXA  |d UtOrBLW 
043 |a n-us-tx 
049 |a TXAM 
050 4 |a GB1399.2 
074 |a 0594-C-43 (MF) 
086 0 |a FEM 1.209/43:480621 
245 0 0 |a Flood insurance study.  |p City of Mount Pleasant, Texas, Titus County. 
246 3 0 |a City of Mount Pleasant, Texas, Titus County 
250 |a Revised March 9, 1999. 
264 1 |a [Washington, D.C.] :  |b Federal Emergency Management Agency,  |c [1999] 
300 |a ii, 10 pages, 6 folded leaves of plates :  |b illustrations, map 
336 |a text  |b txt  |2 rdacontent 
337 |a microform  |b h  |2 rdamedia 
338 |a microfiche  |b he  |2 rdacarrier 
500 |a Title from cover. 
500 |a Location map on cover. 
500 |a Shipping list number: 99-0330-M. 
500 |a "Community number - 480621." 
504 |a Includes bibliographical references (page 10). 
533 |a Microfiche.  |b [Washington, D.C.] :  |c United States Government Printing Office,  |d [1999].  |e 7 microfiche : negative. 
650 0 |a Flood forecasting  |z Texas  |z Titus County. 
650 0 |a Flood forecasting  |z Texas  |z Mount Pleasant. 
650 0 |a Flood insurance  |z Texas  |z Titus County. 
650 0 |a Flood insurance  |z Texas  |z Mount Pleasant. 
650 7 |a Flood insurance.  |2 fast  |0 (OCoLC)fst01715819 
651 0 |a Titus County (Tex.)  |0 http://id.loc.gov/authorities/names/n81083838 
651 0 |a Mount Pleasant (Tex.)  |0 http://id.loc.gov/authorities/names/n88278561 
651 7 |a Texas  |z Titus County.  |2 fast  |0 (OCoLC)fst01214441 
655 7 |a Technical reports.  |2 lcgft  |0 http://id.loc.gov/authorities/genreForms/gf2015026093 
710 1 |a United States.  |b Federal Emergency Management Agency,  |e issuing body.  |0 http://id.loc.gov/authorities/names/n78090715 
776 0 8 |i Print version:  |t Flood insurance study. City of Mount Pleasant, Texas, Titus County 
856 4 1 |z Available online at HathiTrust:  |u http://hdl.handle.net/2027/txa.ark:/81423/m33n4q  |t 0 
949 |a updated  |b h  |c 2019/1/30  |e spoltoratski  |f 4:00:56 pm 
994 |a C0  |b TXA 
999 f f |s 6546ab4e-95a3-334a-b79f-0d7e93bc0665  |i 433c63e5-c89f-3e93-a175-dbd8b5affb82  |t 0 
952 f f |a Texas A&M University  |b College Station  |c Electronic Resources  |d Available Online  |t 0  |e FEM 1.209/43:480621  |g Electronic  |h Superintendent of Documents classification 
998 f f |a FEM 1.209/43:480621  |t 0  |l Available Online